Normal view
MARC view
- R R Gulati
Entry Personal Name
001 - CONTROL NUMBER
- control field: 105751
003 - CONTROL NUMBER IDENTIFIER
- control field: NUST
005 - DATE AND TIME OF LATEST TRANSACTION
- control field: 20221223115454.0
008 - FIXED-LENGTH DATA ELEMENTS
- fixed length control field: 221223|| aca||aabn | a|a d
040 ## - CATALOGING SOURCE
- Original cataloging agency: NUST
- Transcribing agency: NUST
100 ## - HEADING--PERSONAL NAME
- Personal name: R R Gulati
670 ## - SOURCE DATA FOUND
- Source citation: Work cat.: (NUST)183324: Gulati R.R 63177, Modern Television Practice :, 1991
